| 000 | 06989cam a22020534i 4500 | ||
|---|---|---|---|
| 001 | u50564 | ||
| 003 | PE-LiUPU | ||
| 005 | 20250813165839.0 | ||
| 008 | 150706s2009 mx a r 000 0 spa d | ||
| 020 | _a9708300675 | ||
| 020 | _a9789708300674 | ||
| 035 | _a(Sirsi) i9789708300674 | ||
| 040 |
_aPE-LiUPU _bspa _cPE-LiUPU _dPE-LiUPU _erda |
||
| 049 | _aPRUA | ||
| 082 | 0 | 4 |
_a658.4 _bH37 2009 _221 |
| 082 | 0 | 4 |
_a658.4 _bH37 2010 |
| 100 | 1 |
_aHellriegel, Don, _eautor. |
|
| 245 | 1 | 0 |
_aAdministración : _bun enfoque basado en competencias / _cDon Hellriegel, Susan E. Jackson y John W. Slocum. |
| 250 | _aDecimoprimera edición. | ||
| 264 | 1 |
_aMéxico : _bCENGAGE Learning, _c2010. |
|
| 300 |
_a627 páginas : _bilustraciones ; _c27 centímetros |
||
| 336 |
_atext _2rdacontent |
||
| 337 |
_aunmediated _2rdamedia |
||
| 338 |
_avolume _2rdacarrier |
||
| 500 | _aTraducido del libro Managing: a competency-Based approach. | ||
| 505 | 0 | _aPanorama de la administración -- Desarrollo de las competencias gerenciales. -Enseñanza de la historia del pensamiento administrativo -- La administración en entornos turbulentos -- Ética y responsabilidad social -- Evaluación del entorno -- Administración global -- El espíritu emprendedor -- Planeación y control -- Formulación de planes y estrategias -- Toma de decisiones -- Auxiliares para la planeación y las decisiones -- El control organizacional -- Organización -- Diseño organizacional -- Dirección del cambio organizacional y la innovación -- Administración de recursos humanos -- Liderazgo -- Motivación de los empleados -- Dinámica del liderazgo -- Comunicación efectiva -- Trabajo en equipo -- Cultura organizacional y diversidad cultural. | |
| 526 | _aP203 | ||
| 526 | _aP200 | ||
| 526 | _aSEG65 | ||
| 526 | _aSEG64 | ||
| 526 | _aSEG63 | ||
| 526 | _aSEG62 | ||
| 526 | _aSEG61 | ||
| 526 | _aSEG60 | ||
| 526 | _aSEG59 | ||
| 526 | _aSEG58 | ||
| 526 | _aSEG57 | ||
| 526 | _aSEG56 | ||
| 526 | _aSEG55 | ||
| 526 | _aSEG54 | ||
| 526 | _aSEG53 | ||
| 526 | _aSEG52 | ||
| 526 | _aSEG51 | ||
| 526 | _aSEG50 | ||
| 526 | _aSEG49 | ||
| 526 | _aSEG48 | ||
| 526 | _aSEG47 | ||
| 526 | _aSEG46 | ||
| 526 | _aSEG24 | ||
| 526 | _aSEG23 | ||
| 526 | _aSEG22 | ||
| 526 | _aSEG21 | ||
| 526 | _aSEG20 | ||
| 526 | _aSEG19 | ||
| 526 | _aSEG18 | ||
| 526 | _aSEG17 | ||
| 526 | _aSEG16 | ||
| 526 | _aSEG14 | ||
| 526 | _aSEG13 | ||
| 526 | _aSEG12 | ||
| 526 | _aSEG11 | ||
| 526 | _aSEG10 | ||
| 526 | _aSEG09 | ||
| 526 | _aSEG06 | ||
| 526 | _aSEG05 | ||
| 526 | _aSEG04 | ||
| 526 | _aSEG03 | ||
| 526 | _aSEG02 | ||
| 526 | _aSEG68 | ||
| 526 | _aSEG66 | ||
| 526 | _aSEG45 | ||
| 526 | _aSEG25 | ||
| 526 | _aSEG01 | ||
| 526 | _aP163 | ||
| 526 | _aP162 | ||
| 526 | _aP161 | ||
| 526 | _aP160 | ||
| 526 | _aP159 | ||
| 526 | _aP158 | ||
| 526 | _aP157 | ||
| 526 | _aP156 | ||
| 526 | _aP155 | ||
| 526 | _aP154 | ||
| 526 | _aP153 | ||
| 526 | _aP152 | ||
| 526 | _aP151 | ||
| 526 | _aP150 | ||
| 526 | _aP149 | ||
| 526 | _aP142 | ||
| 526 | _aP141 | ||
| 526 | _aP140 | ||
| 526 | _aP139 | ||
| 526 | _aP138 | ||
| 526 | _aP137 | ||
| 526 | _aP132 | ||
| 526 | _aP131 | ||
| 526 | _aP130 | ||
| 526 | _aP126 | ||
| 526 | _aP125 | ||
| 526 | _aP124 | ||
| 526 | _aP123 | ||
| 526 | _aP115 | ||
| 526 | _aP122 | ||
| 526 | _aP121 | ||
| 526 | _aP116 | ||
| 526 | _a P114 | ||
| 526 | _aP112 | ||
| 526 | _aP111 | ||
| 526 | _aP104 | ||
| 526 | _aP103 | ||
| 526 | _aP102 | ||
| 526 | _aP101 | ||
| 526 | _aP100 | ||
| 526 | _aP96 | ||
| 526 | _aP95 | ||
| 526 | _aP93 | ||
| 526 | _aP92 | ||
| 526 | _aP91 | ||
| 526 | _aP88 | ||
| 526 | _aP83 | ||
| 526 | _aP82 | ||
| 526 | _aP79 | ||
| 526 | _aP78 | ||
| 526 | _aP75 | ||
| 526 | _aP74 | ||
| 526 | _aP71 | ||
| 526 | _aP69 | ||
| 526 | _a P51 | ||
| 526 | _aP49 | ||
| 526 | _aP48 | ||
| 526 | _aP47 | ||
| 526 | _aP33 | ||
| 526 | _aP31 | ||
| 526 | _a P30 | ||
| 526 | _aP29 | ||
| 526 | _aP27 | ||
| 526 | _aP26 | ||
| 526 | _aP25 | ||
| 526 | _aP24 | ||
| 526 | _a P22 | ||
| 526 | _aP10 | ||
| 526 | _aP09 | ||
| 526 | _a P08 | ||
| 526 | _aP06 | ||
| 526 | _aP05 | ||
| 526 | _aP04 | ||
| 526 | _aP01 | ||
| 541 | _g030-0010720; | ||
| 541 | _g0001-0035616; | ||
| 541 | _g0001-0035616; | ||
| 596 | _a1 2 3 | ||
| 650 | 1 | 4 |
_aGlobalización _xCongresos, conferencias, etc. _xAspectos sociales. |
| 650 | 1 | 4 |
_aAdministración. _94009 |
| 650 | 2 | 4 |
_aToma de decisiones. _94989 |
| 700 | 1 |
_aJackson, Susan E., _eautor. |
|
| 700 | 1 |
_aSlocum, John W., _euator. |
|
| 700 | 1 |
_aMascaró Sacristán, Pilar, _etraductor. |
|
| 910 |
_agl _bjv _clch _d20120814 |
||
| 910 |
_btqv _crm _d20160711 |
||
| 942 |
_2ddc _cBOOK |
||
| 949 |
_a658.4 H37 2009 _wDEWEY _c1 _i64186 _d2018-3-13 _e2017-10-6 _f2018-2-12 _g3 _lCCODEBUL1 _mBUL _n4 _p45.00 _q1 _r0 _sY _tBOOK _u2015-7-6 _xFCE _PP04 _0COMPRA _o.STAFF. Colección General |
||
| 949 |
_a658.4 H37 2009 _wDEWEY _c1 _iFJ00789 _lCCODEBUJ1 _mBUJ _n3 _p45.00 _q3 _r0 _sY _tBOOK _u2016-7-11 _xFCE _PP04 _0COMPRA _o.STAFF. Colección General Juliaca |
||
| 949 |
_a658.4 H37 2009 _wDEWEY _c2 _i65204 _d2017-8-13 _e2017-8-7 _f2018-2-12 _g3 _lCCODEBUL1 _mBUL _n4 _p49.00 _r0 _sY _tBOOK _u2015-7-6 _xFCE _PP08 _0COMPRA _o.STAFF. Colección Ciencias Empresariales |
||
| 949 |
_a658.4 H37 2009 _wDEWEY _c3 _i65205 _d2017-4-30 _e2017-4-30 _f2018-2-10 _g3 _lCCODEBUL1 _mBUL _n3 _p49.00 _r0 _sY _tBOOK _u2015-7-6 _xFCE _PP08 _0COMPRA _o.STAFF. Colección Ciencias Empresariales |
||
| 949 |
_a658.4 H37 2010 _wDEWEY _c1 _iFT03452 _lCCODEBUT1 _mBUT _p40.00 _r0 _sY _tBOOK _u2018-5-7 _xFCE _PP01 _0COMPRA _o.STAFF. Colección general |
||
| 994 |
_aC0 _bPEPRU |
||
| 999 |
_a658.4 H37 2009 _wDEWEY _c53015 _i64186 _d53015 _e2018-8-23 _f2019-12-11 _g5 _lCCODEBUL1 _mBUL _n5 _p45.00 _q1 _r0 _sY _tBOOK _u2015-7-6 _xFCE _PP04 _0COMPRA _o.STAFF. Colección General |
||
| 999 |
_a658.4 H37 2009 _wDEWEY _c2 _i65204 _d2018-8-23 _e2017-8-7 _f2021-11-8 _g6 _lCCODEBUL1 _mBUL _n4 _p49.00 _q1 _r0 _sY _tBOOK _u2015-7-6 _xFCE _PP08 _0COMPRA _o.STAFF. Colección Ciencias Empresariales |
||
| 999 |
_a658.4 H37 2009 _wDEWEY _c3 _i65205 _d2017-4-30 _e2017-4-30 _f2021-11-8 _g6 _lCCODEBUL1 _mBUL _n3 _p49.00 _r0 _sY _tBOOK _u2015-7-6 _xFCE _zP08 _0COMPRA _o.STAFF. Colección Ciencias Empresariales |
||
| 999 |
_a658.4 H37 2009 _wDEWEY _c1 _iFJ00789 _d2019-6-7 _e2018-4-20 _f2022-1-31 _g4 _lCCODEBUJ1 _mBUJ _n3 _p45.00 _q7 _r0 _sY _tBOOK _u2016-7-11 _xFCE _PP04 _0COMPRA _o.STAFF. Colección General Juliaca |
||
| 999 |
_a658.4 H37 2010 _wDEWEY _c1 _iFT03452 _d2019-10-2 _e2019-10-2 _f2019-2-20 _g2 _lCCODEBUT1 _mBUT _n1 _p40.00 _r0 _sY _tBOOK _u2018-5-7 _xFCE _PP01 _0COMPRA _o.STAFF. Colección general |
||
| 980 |
_81 _gALBERTO SANCHEZ Responsable de Automatización |
||